Separatist Movements Flags - Statistics

General Stats
  • This quiz has been taken 1,431 times
    1,332 since last reset
  • The average score is 14 of 20
Answer Stats
Picture Answer % Correct
Scotland
99%
Wales
96%
Texas
92%
Greenland
90%
Puerto Rico
89%
Palestine
88%
Catalonia
85%
Tibet
84%
Faroe Islands
83%
Kurdistan
76%
Quebec
73%
Basque Country
67%
Transnistria
67%
Western Sahara
65%
Northern Cyprus
61%
Somaliland
60%
Flanders
53%
Bougainville
31%
Darfur
20%
Upper Silesia
11%
No matching quizzes found
Score Distribution
Percent of People with Each Score
Percentile by Number Answered
Your Score History
You have not taken this quiz since the last reset